BUNDESLIGA- WSZYSTKIE KLUBY - Statystyki

Ogólne statystyki
  • Ten quiz został rozwiązany 80 razy
  • Średni wynik to 9 z 18
Statystyki odpowiedzi
Odpowiedź % Poprawnych
Klub Bayern Monachium
100%
Klub Borussia Dortmund
96%
Klub Bayer Leverkusen
79%
Klub RB Lipsk
68%
Klub Union Berlin
59%
Klub Eintracht Frankfurt
49%
Klub Borussia Monchengladbach
47%
Klub Schalke
45%
Klub Werder Brema
44%
Klub Hertha Berlin
40%
Klub Mainz
40%
Klub Freiburg
36%
Klub VFL Wolfsburg
35%
Klub Bochum
33%
Klub VFB Stuttgart
31%
Klub FC Augsburg
29%
Klub Hoffenheim
21%
Klub FC Koeln
20%
Nie znaleziono quizów pasujących do podanych kryteriów
Rozkład punktacji
Procent ludzi z każdym wynikiem
Percentyl według liczby udzielonych odpowiedzi
Twoja historia wyników
Nie rozwiązałeś tego quizu